লোডিং...

Divyadhukam /

গ্রন্থ-পঞ্জীর বিবরন
প্রধান লেখক: Raghavan Nambyar, K. M.
ভাষা:Undetermined
প্রকাশিত: S P C S , 1978.
LEADER 00572nam a2200145Ia 4500
001 59481
008 170722s9999 xx 000 0 und d
100 |a Raghavan Nambyar, K. M. 
245 |a Divyadhukam / 
260 |b S P C S ,  |c 1978. 
300 |a 76 p.  |c 18cms 
942 |c GEN 
999 |c 93560  |d 93560 
952 |0 0  |1 0  |4 0  |6 O_322N3417D_L8KRL81  |7 0  |9 131221  |a LIB  |b LIB  |d 2017-08-12  |o O32,2N3417,D l8(KR)-L8;1  |p 171043  |r 2017-08-12  |v 3.50  |w 2017-08-12  |y GEN 
952 |0 1  |1 0  |4 0  |6 O_322N3417D_L8KRL81  |7 0  |9 131222  |a LIB  |b LIB  |d 2017-08-12  |o O32,2N3417,D l8(KR)-L8;1  |p 191264  |r 2017-08-12  |v 3.50  |w 2017-08-12  |y GEN